[Event "Gibraltar Masters 2016"]
[Site "Caleta ENG"]
[Date "2016.01.27"]
[Round "2.53"]
[White "Tan, Zhongyi"]
[Black "Bitensky, Igor"]
[Result "1-0"]
[WhiteElo "2504"]
[BlackElo "2362"]
[PlyCount "35"]
[EventDate "2016.01.26"]

1. d4 Nf6 2. c4 g6 3. Nc3 Bg7 4. e4 d6 5. Be2 O-O 6. Bg5 Nbd7 7. Qd2 e5 8. d5
a5 9. f3 Nc5 10. O-O-O a4 11. h4 a3 12. b3 c6 13. Nh3 cxd5 14. cxd5 Bxh3 15.
Rxh3 Qb6 16. Kb1 Nh5 17. Bd3 Rfc8 18. Bc4 1-0

[Event "Gibraltar Masters 2016"]
[Site "Caleta ENG"]
[Date "2016.01.28"]
[Round "3.72"]
[White "Guthrie, David"]
[Black "Khademalsharieh, Sarasadat"]
[Result "0-1"]
[WhiteElo "2187"]
[BlackElo "2392"]
[PlyCount "100"]
[EventDate "2016.01.26"]

1. d4 Nf6 2. c4 e6 3. Nc3 Bb4 4. Qc2 b6 5. a3 Bxc3+ 6. Qxc3 Bb7 7. Bg5 d6 8. f3
Nbd7 9. e3 c5 10. Bd3 Rc8 11. Ne2 Qc7 12. Qd2 O-O 13. O-O a6 14. Rac1 Qb8 15.
Rfd1 Rfe8 16. e4 cxd4 17. Nxd4 h6 18. Bh4 Qa7 19. Bf2 Ne5 20. Bf1 d5 21. cxd5
exd5 22. Rxc8 Rxc8 23. Nf5 Re8 24. Nd6 Rd8 25. Nxb7 Qxb7 26. exd5 Rxd5 27. Qc2
Rxd1 28. Qxd1 b5 29. Qd6 Nc6 30. Bd3 Qc8 31. Bb6 Qe8 32. Kf2 Ne5 33. Bf5 Nc4
34. Qd8 Nxb2 35. Qxe8+ Nxe8 36. Bc8 Nc4 37. Bd8 a5 38. Ba6 Ned6 39. Be7 f5 40.
Ke2 Kf7 41. Bd8 Ke8 42. Bh4 Nxa3 43. Bf2 Kd7 44. Bc5 Nac4 45. Kd3 Kc6 46. Bd4
g6 47. g4 Kd5 48. gxf5 gxf5 49. Bf6 b4 50. h4 h5 0-1

[Event "Gibraltar Masters 2016"]
[Site "Caleta ENG"]
[Date "2016.01.28"]
[Round "3.73"]
[White "Solomon, Kenny"]
[Black "Baert, Andy"]
[Result "0-1"]
[WhiteElo "2390"]
[BlackElo "2184"]
[PlyCount "76"]
[EventDate "2016.01.26"]

1. d4 Nf6 2. Nf3 e6 3. c4 d5 4. Nc3 Be7 5. Bg5 O-O 6. e3 h6 7. Bh4 b6 8. Bd3
Bb7 9. O-O Nbd7 10. Qe2 c5 11. Bg3 Ne4 12. Rfd1 cxd4 13. Nxd4 Nxc3 14. bxc3 Nf6
15. Nb5 Kh8 16. Rab1 Bc5 17. Bc2 Qe7 18. cxd5 exd5 19. Nd4 Ne4 20. Qd3 g6 21.
Bf4 Kh7 22. Bb3 Rac8 23. Ne2 Rfd8 24. f3 Nf6 25. Nd4 Nh5 26. Bg3 Nxg3 27. hxg3
Re8 28. Kf2 Ba6 29. Qd2 Bd6 30. Rh1 Qc7 31. Rh3 Qxc3 32. Qxc3 Rxc3 33. Bxd5 Kg7
34. Re1 Bc5 35. Rh4 Rd3 36. Be4 Rxd4 37. exd4 Bxd4+ 38. Re3 f5 0-1

[Event "Gibraltar Masters 2016"]
[Site "Caleta ENG"]
[Date "2016.01.29"]
[Round "4.33"]
[White "Grigoriants, Sergey"]
[Black "Rydl, Jiri"]
[Result "1-0"]
[WhiteElo "2580"]
[BlackElo "2412"]
[PlyCount "89"]
[EventDate "2016.01.26"]

1. c4 e5 2. g3 Nf6 3. Bg2 h6 4. d3 Bb4+ 5. Nd2 O-O 6. Ngf3 Re8 7. a3 Bf8 8. b3
Nc6 9. Bb2 d6 10. O-O Bf5 11. e4 Bh7 12. b4 Nd7 13. Qb3 Be7 14. Bc3 Bf6 15. Qb2
a6 16. Rfe1 Bg6 17. Nf1 b5 18. Ne3 Nb6 19. Qa2 Qd7 20. Rac1 bxc4 21. Nxc4 Na4
22. Bd2 Bh5 23. Qc2 Ne7 24. Bc3 Rab8 25. Nfd2 Bg4 26. Nb3 Be6 27. d4 exd4 28.
Nxd4 Bxd4 29. Bxd4 Rec8 30. Ba7 Rb7 31. Be3 Rbb8 32. Qd2 Ng6 33. f4 Qe8 34. Ba7
Rb7 35. Bf2 Rbb8 36. Rc2 Nf8 37. Ba7 Rb5 38. Bf2 Nd7 39. Rec1 Nb8 40. Ne3 Qd8
41. Qd3 Nb6 42. Bf1 Na4 43. e5 Nb6 44. f5 Bd7 45. Nd5 1-0

[Event "Gibraltar Masters 2016"]
[Site "Caleta ENG"]
[Date "2016.02.02"]
[Round "8.13"]
[White "Krush, Irina"]
[Black "Jones, Gawain C B"]
[Result "*"]
[WhiteElo "2458"]
[BlackElo "2625"]
[PlyCount "125"]
[EventDate "2016.01.26"]

1. d4 Nf6 2. c4 e6 3. Nc3 Bb4 4. e3 O-O 5. Bd3 d5 6. Nf3 b6 7. O-O Ba6 8. Qe2
c5 9. dxc5 Bxc3 10. bxc3 bxc5 11. Rd1 Nc6 12. cxd5 Bxd3 13. Qxd3 Qxd5 14. Qe2
Qf5 15. c4 Ne4 16. Bb2 Rab8 17. Rd7 Rb6 18. Rad1 e5 19. Rc7 Rfb8 20. Ba1 Nf6
21. h3 h6 22. Kh2 Qe6 23. Bc3 e4 24. Ng1 Nd4 25. exd4 Qd6+ 26. g3 Qxc7 27. Ba5
cxd4 28. Rxd4 h5 29. Qe3 h4 30. Ne2 hxg3+ 31. Nxg3 Qe5 32. Bxb6 axb6 33. Kg2
Re8 34. Rd2 Qe6 35. c5 bxc5 36. Qxc5 Rc8 37. Qe3 Re8 38. Kh2 Qe5 39. Rd4 g6 40.
a4 Kg7 41. Kg2 Qe6 42. Qf4 Qe5 43. Qxe5 Rxe5 44. a5 e3 45. fxe3 Rxa5 46. Ne4
Nd5 47. Kf3 Ne7 48. Nd6 Nc6 49. Re4 Ne5+ 50. Kg3 f6 51. Rf4 Ra6 52. Nc4 Nf7 53.
Rd4 Ra4 54. Nb2 Ra3 55. Rd3 Ra2 56. Nc4 Rc2 57. Nd6 Ne5 58. Rb3 Kh6 59. Ne4 Rc6
60. Rc3 Ra6 61. Rc5 Nf7 62. Rc7 Kg7 63. h4 *

[Event "Gibraltar Masters 2016"]
[Site "Caleta ENG"]
[Date "2016.02.04"]
[Round "10.11"]
[White "Tregubov, Pavel V"]
[Black "Fressinet, Laurent"]
[Result "*"]
[WhiteElo "2582"]
[BlackElo "2700"]
[PlyCount "126"]
[EventDate "2016.01.26"]

1. c4 e5 2. Nc3 Nf6 3. Nf3 Nc6 4. g3 d5 5. cxd5 Nxd5 6. Bg2 Nb6 7. O-O Be7 8.
b3 O-O 9. Bb2 Re8 10. Rc1 Bf8 11. d3 Bg4 12. h3 Bh5 13. Ne4 f6 14. Nc5 Bxc5 15.
Rxc5 Qd6 16. Qc1 Bf7 17. Nh4 Nd5 18. Nf5 Qd7 19. Ne3 Nxe3 20. Qxe3 Nd8 21. Rc2
c6 22. f4 Bd5 23. fxe5 fxe5 24. Kh2 Nf7 25. Bxd5 cxd5 26. Rfc1 d4 27. Qe4 Ng5
28. Qg2 Ne6 29. Ba3 a5 30. h4 b5 31. Bc5 Ra6 32. b4 a4 33. Qe4 Rc6 34. a3 h6
35. Rf1 Nc7 36. e3 dxe3 37. Qxe3 Nd5 38. Qe2 Nf6 39. Rd2 Rd8 40. Rdd1 Re6 41.
Qf3 Qd5 42. Qxd5 Rxd5 43. Kg2 Re8 44. Kf3 Red8 45. Ke2 Kf7 46. g4 Ke6 47. g5
hxg5 48. hxg5 Nh5 49. Ke3 Ng3 50. Rfe1 Nf5+ 51. Ke2 Rh8 52. Bf2 Rh2 53. Rc1
Nd4+ 54. Kf1 Rh1+ 55. Kg2 Rxe1 56. Bxe1 Ne2 57. Rc6+ Kf5 58. Rc5 Nf4+ 59. Kf1
Rxd3 60. Rxb5 Rf3+ 61. Kg1 Rxa3 62. Bd2 Ra2 63. Be3 Ke4 *